Pharmaceutical Biotechnology (Record no. 8599)

MARC details
000 -LEADER
fixed length control field 00469nam a22001697a 4500
003 - CONTROL NUMBER IDENTIFIER
control field OSt
008 - FIXED-LENGTH DATA ELEMENTS--GENERAL INFORMATION
fixed length control field 200319b ||||| |||| 00| 0 eng d
020 ## - INTERNATIONAL STANDARD BOOK NUMBER
International Standard Book Number 9788123906140
082 ## - DEWEY DECIMAL CLASSIFICATION NUMBER
Classification number 660.6 VYP
100 ## - MAIN ENTRY--PERSONAL NAME
Personal name Vyas, S.P
245 ## - TITLE STATEMENT
Title Pharmaceutical Biotechnology
250 ## - EDITION STATEMENT
Edition statement 1st/e, Reprint 2020
260 ## - PUBLICATION, DISTRIBUTION, ETC. (IMPRINT)
Place of publication, distribution, etc New Delhi
Name of publisher, distributor, etc CBS Publishers & Distributors
300 ## - PHYSICAL DESCRIPTION
Extent 674 pages, Dimensions: 23.6 x 18 x 3.2 cm
650 ## - SUBJECT ADDED ENTRY--TOPICAL TERM
Topical term or geographic name as entry element Pharmaceutical Biotechnology
942 ## - ADDED ENTRY ELEMENTS (KOHA)
Source of classification or shelving scheme Dewey Decimal Classification
Koha item type Text Books
Holdings
Withdrawn status Lost status Source of classification or shelving scheme Damaged status Not for loan Collection code Home library Current library Shelving location Date acquired Source of acquisition Currency Cost, normal purchase price Bill Number Total Checkouts Full call number Acc. no. / Barcode Date last seen Actual Cost, discounted price Bill Date Koha item type Date last borrowed Total Renewals
    Dewey Decimal Classification     B.Pharma PIET C-LIBRARY PIET C-LIBRARY Ref. Sec. R03 07/01/2020 Kirti Prakashan IN Rupees 625.00 IN5980   660.6 VYP BP333 19/03/2020 406.25 07/01/2020 Reference Books    
    Dewey Decimal Classification     B.Pharma PIET C-LIBRARY PIET C-LIBRARY Ref. Sec. R08 07/01/2020 Kirti Prakashan IN Rupees 625.00 IN5980 2 660.6 VYP BP334 12/09/2024 406.25 07/01/2020 Text Books 30/08/2024  
    Dewey Decimal Classification     B.Pharma PIET C-LIBRARY PIET C-LIBRARY   07/01/2020 Kirti Prakashan IN Rupees 625.00 IN5980 3 660.6 VYP BP335 16/12/2024 406.25 07/01/2020 Text Books 06/11/2024  
    Dewey Decimal Classification     B.Pharma PIET C-LIBRARY PIET C-LIBRARY   13/10/2023 KIRTI PRAKSHAN RUPEES 695.00 IN-1041 1 660.6 VYP BP2223 12/09/2024 451.75 05/10/2023 Text Books 30/08/2024  
    Dewey Decimal Classification     B.Pharma PIET C-LIBRARY PIET C-LIBRARY   13/10/2023 KIRTI PRAKSHAN RUPEES 695.00 IN-1041 1 660.6 VYP BP2224 10/09/2024 451.75 05/10/2023 Text Books 28/08/2024 1
    Dewey Decimal Classification     B.Pharma PIET C-LIBRARY PIET C-LIBRARY   13/10/2023 KIRTI PRAKSHAN RUPEES 695.00 IN-1041 4 660.6 VYP BP2225 03/10/2025 451.75 05/10/2023 Text Books 22/09/2025  
    Dewey Decimal Classification     B.Pharma PIET C-LIBRARY PIET C-LIBRARY   13/10/2023 KIRTI PRAKSHAN RUPEES 695.00 IN-1041 2 660.6 VYP BP2226 23/02/2026 451.75 05/10/2023 Text Books 04/02/2026  
    Dewey Decimal Classification     B.Pharma PIET C-LIBRARY PIET C-LIBRARY   13/10/2023 KIRTI PRAKSHAN RUPEES 695.00 IN-1041 2 660.6 VYP BP2227 11/09/2024 451.75 05/10/2023 Text Books 28/08/2024  

Design & Developed by: PIET Central Library
R70 Miles Stone Pattikalyana Samalkha Panipat 132102
mail ID :- [email protected], Phone No:- 0180-2569700 Ex.216